000 00816nmm a2200265 a 4500
001 ocm0001349983
003 TR-IsHL
005 20201028161131.0
008 161016s2012 tu tur
007 cr cn
020 _a9786051311739
035 _a1349983
_b(N$T)
050 0 4 _aPL248.B39
_bS8
090 0 4 _aPL248.B39
_bS8
100 1 _aBaz, İbrahim
245 1 0 _aSufi: bir aşk yolcusu
_h[electronic resource] /
_cİbrahim Baz
260 _aİstanbul :
_bNesil Yayınları,
_c2012
300 _a169 p.
650 4 _aDil ve Edebiyat
650 4 _aLanguage and Literature
650 0 _aTürk romanı
650 0 _aTurkish fiction
650 7 _aLITERARY COLLECTIONS / Middle Eastern
_2bisacsh
856 4 0 _uhttp://search.ebscohost.com/login.aspx?direct=true&scope=site&db=e011xww&AN=1349983
999 _c13963
_d13963